Statistiken für Asiatische Länder mit U-Bahn

Klicken Sie hier um das Quiz zu spielen!

Allgemein

  • Dieses Quiz wurde 117 mal gespielt
  • Das Durchschnittsergebnis liegt bei 20 aus 24

Antwortstatistiken

U-Bahn Land% Korrekt
China
100%
Japan
98%
Thailand
96%
Südkorea
94%
Indien
93%
Vietnam
92%
Indonesien
89%
Iran
88%
Nordkorea
88%
Saudi-Arabien
88%
Pakistan
86%
Armenien
85%
Aserbaidschan
85%
Türkei
85%
Singapur
84%
Malaysia
81%
Taiwan
81%
Vereinigte
Arabische Emirate
81%
Kasachstan
76%
Philippinen
76%
Georgien
75%
Bangladesch
74%
Katar
74%
Usbekistan
72%

Verteilung der Resultate

Perzentil nach korrekt beantworteten Fragen

Anzahl Personen mit jedem Resultat

Ihre Resultats-Entwicklung

Sie haben dieses Quiz noch nicht gespielt